How to adapt anything into a screenplay

Αποθηκεύτηκε σε:
Λεπτομέρειες βιβλιογραφικής εγγραφής
Κύριος συγγραφέας: Krevolin, Richard
Μορφή: Βιβλίο
Γλώσσα:English
Δημοσίευση: New York : John Wiley & Sons, 2003.
Θέματα:
Ετικέτες: Προσθήκη ετικέτας
Δεν υπάρχουν, Καταχωρήστε ετικέτα πρώτοι!

MARC

LEADER 00000nam a2200000 a 4500
001 1/107009
008 150617s2003####nyu|||||||||||||| ||eng||
040 |a GR-MyUa  |b gre  |c GR-MyUa  |e AACR2 
041 0 |a eng 
082 7 |a 808.23   |2 (23)  
100 1 |a Krevolin, Richard. 
245 1 0 |a How to adapt anything into a screenplay /   |c Richard Krevolin.  
260 |a New York :   |b John Wiley & Sons,   |c 2003.  
300 |a xvii, 218 σ. ;   |c 23 εκ.  
504 |a Φιλμογραφία : σ. 211-215.  
650 0 |a Motion picture authorship. 
650 0 |a Film adaptions. 
852 |a INST  |b LESVOS  |c BK  |e 20150617  |h 808.23 KRE  |p 005100056928  |q 005100056928  |t BK  |y 0 
922 |a 1ΕΛΗ  |b 2015-04   |c Τμήμα Πολιτισμικής Επικοινωνίας και Τεχνολογίας   |d Διαδρομές  
970 |a Καμάτσου  |b Δέσποινα  |z 17-06-2015